[Event "CP-2007-S-00005"]
[Site "LSS email"]
[Date "2010.04.06"]
[Round "?"]
[White "Mancuso, Alberto"]
[Black "Flatz, Helmut"]
[Result "1-0"]
[WhiteElo "2219"]
[BlackElo "2179"]
[PlyCount "83"]
[EventDate "2010.04.09"]
[EventType "tourn (corr)"]
[EventRounds "8"]
[EventCountry "GER"]
[SourceTitle "Telechess CBM 147"]
[Source "ChessBase"]
[SourceDate "2012.03.16"]
[SourceVersion "1"]
[SourceVersionDate "2012.03.16"]
[SourceQuality "1"]

1. e4 c5 2. Nf3 d6 3. d4 cxd4 4. Nxd4 Nf6 5. Nc3 g6 6. Be3 Bg7 7. f3 0-0 8. Qd2 Nc6 9. 0-0-0 a6 10. g4 Nxd4 11. Bxd4 Be6 12. Kb1 b5 13. h4 b4 14. Nd5 Bxd5 15. exd5 Qa5 16. Bc4 Rfc8 17. b3 h5 18. Rdg1 Nxd5 19. Bxg7 Rxc4 20. Qh6 Nc3+ 21. Kc1 Nxa2+ 22. Kd2 Qd5+ 23. Ke1 Qe6+ 24. Kf1 f6 25. bxc4 Nc3 26. Rg2 Qxc4+ 27. Kg1 Kf7 28. Qh7 Ke6 29. Qxg6 Qd4+ 30. Kh2 Qf4+ 31. Rg3 Ne2 32. gxh5 Qxh4+ 33. Rh3 Qf4+ 34. Kg2 Qd2 35. Kf1 Nc3 36. Qg4+ f5 37. Qg6+ Kd7 38. Qxf5+ e6 39. Bxc3 bxc3 40. Qh7+ Kc6 41. Qe4+ Kb5 42. Qe2+ 1-0

[Event "CP-2007-S-00005"]
[Site "LSS email"]
[Date "2010.04.06"]
[Round "?"]
[White "Mancuso, Alberto"]
[Black "McLeod, Sylvester"]
[Result "1-0"]
[WhiteElo "2246"]
[BlackElo "2208"]
[PlyCount "63"]
[EventDate "2010.04.09"]
[EventType "tourn (corr)"]
[EventRounds "8"]
[EventCountry "GER"]
[SourceTitle "Telechess CBM 141"]
[Source "ChessBase"]
[SourceDate "2011.03.17"]
[SourceVersion "1"]
[SourceVersionDate "2011.03.17"]
[SourceQuality "1"]

1. e4 c5 2. Nf3 d6 3. d4 cxd4 4. Nxd4 Nf6 5. Nc3 g6 6. Be3 Bg7 7. f3 0-0 8. Qd2 d5 9. e5 Ne8 10. f4 f6 11. Nf3 fxe5 12. Qxd5+ Qxd5 13. Nxd5 exf4 14. Bc5 Nc6 15. Nxe7+ Nxe7 16. Bc4+ Kh8 17. Bxe7 Bxb2 18. Rd1 Bc3+ 19. Ke2 Kg7 20. Bxf8+ Kxf8 21. Rhf1 Bf6 22. Kf2 Bc3 23. Kg1 Nf6 24. Nd4 g5 25. Nf3 Bg4 26. Rd3 Bxf3 27. Rxc3 Bc6 28. Re1 Ne4 29. Ra3 Kg7 30. Ra5 Kf6 31. Bd5 Bxd5 32. Rxd5 1-0

[Event "LSS SM-2009-0-00087"]
[Site "LSS email"]
[Date "2009.12.04"]
[Round "?"]
[White "Szczepanski, Zbigniew"]
[Black "Mancuso, Alberto"]
[Result "1-0"]
[WhiteElo "2437"]
[BlackElo "2250"]
[PlyCount "77"]
[EventDate "2009.11.13"]
[EventType "tourn (corr)"]
[EventRounds "6"]
[EventCountry "GER"]
[SourceTitle "Telechess CBM 141"]
[Source "ChessBase"]
[SourceDate "2011.03.17"]
[SourceVersion "1"]
[SourceVersionDate "2011.03.17"]
[SourceQuality "1"]

1. d4 Nf6 2. c4 e6 3. g3 d5 4. Nf3 dxc4 5. Bg2 Nc6 6. Qa4 Bb4+ 7. Bd2 Nd5 8. Bxb4 Ndxb4 9. Nc3 Bd7 10. 0-0 a6 11. Ne5 b5 12. Qa3 Rb8 13. Nxc6 Nxc6 14. d5 b4 15. Qxa6 Ne5 16. dxe6 fxe6 17. Nd1 Rb6 18. Qa5 Rb5 19. Qa4 0-0 20. Qc2 Qb8 21. Ne3 Qa7 22. Be4 g6 23. Qd2 Rd8 24. Rfd1 Rbb8 25. a3 Bc6 26. Qxd8+ Rxd8 27. Rxd8+ Kf7 28. Nxc4 Ng4 29. Ne3 Nxe3 30. Bxc6 Ng4 31. Rf1 bxa3 32. bxa3 Qxa3 33. Rd7+ Kf6 34. Bf3 h5 35. Rxc7 Ne5 36. h4 Nxf3+ 37. exf3 Qxf3 38. Re1 e5 39. Rc5 1-0

[Event "LSS SM-2009-0-00087"]
[Site "LSS email"]
[Date "2009.12.01"]
[Round "?"]
[White "Fages, Jorge Juan"]
[Black "Mancuso, Alberto"]
[Result "0-1"]
[WhiteElo "2199"]
[BlackElo "2226"]
[PlyCount "72"]
[EventDate "2009.11.13"]
[EventType "tourn (corr)"]
[EventRounds "6"]
[EventCountry "GER"]
[SourceTitle "Telechess CBM 147"]
[Source "ChessBase"]
[SourceDate "2012.03.16"]
[SourceVersion "1"]
[SourceVersionDate "2012.03.16"]
[SourceQuality "1"]

1. e4 c5 2. Nf3 d6 3. d4 cxd4 4. Nxd4 Nf6 5. Nc3 a6 6. Be3 e5 7. Nb3 Be6 8. f3 Be7 9. Qd2 0-0 10. 0-0-0 Nbd7 11. Kb1 b5 12. g4 b4 13. Ne2 a5 14. g5 Ne8 15. c3 d5 16. exd5 Bf5+ 17. Ka1 a4 18. Nbc1 Nd6 19. Ng3 bxc3 20. bxc3 Rb8 21. Nxf5 Nxf5 22. d6 Nxd6 23. Bd3 Qc7 24. Qc2 g6 25. h4 Nb6 26. Bxb6 Rxb6 27. Ne2 a3 28. Rb1 Rxb1+ 29. Rxb1 Qc6 30. f4 e4 31. Nd4 exd3 32. Qxd3 Qg2 33. Qe2 Qh3 34. Qf3 Qxf3 35. Nxf3 Ne4 36. c4 Nc3 0-1

[Event "LSS WC-2013-P-00015"]
[Site "LSS email"]
[Date "2009.02.14"]
[Round "?"]
[White "Jordan, Juergen"]
[Black "Mancuso, Alberto"]
[Result "1/2-1/2"]
[WhiteElo "2207"]
[BlackElo "2263"]
[PlyCount "69"]
[EventDate "2009.02.18"]
[EventType "tourn (corr)"]
[EventRounds "6"]
[EventCountry "GER"]
[SourceTitle "Corr 2011"]
[Source "ChessBase"]
[SourceDate "2010.08.31"]
[SourceVersion "1"]
[SourceVersionDate "2010.08.31"]
[SourceQuality "1"]

1. d4 Nf6 2. c4 e6 3. Nf3 b6 4. a3 Bb7 5. Nc3 d5 6. cxd5 Nxd5 7. Qc2 Nxc3 8. bxc3 Be7 9. e4 0-0 10. Bd3 c5 11. 0-0 Qc8 12. Qa2 Nc6 13. Rd1 Rd8 14. Be3 Na5 15. a4 Qc7 16. Rab1 h6 17. Ne5 Rac8 18. Rbc1 Bd6 19. Nf3 Qd7 20. Nd2 cxd4 21. cxd4 Rxc1 22. Rxc1 Nc6 23. Bb5 a6 24. Bf1 Nb4 25. Qb1 Qxa4 26. Nc4 Bf8 27. Nxb6 Qa2 28. f3 Qxb1 29. Rxb1 Nc2 30. Kf2 Nxd4 31. Nc4 Nb5 32. Na5 Bc8 33. Bxb5 axb5 34. Rxb5 Bd7 35. Rb7 1/2-1/2

[Event "LSS WC-2013-P-00015"]
[Site "LSS email"]
[Date "2009.02.14"]
[Round "?"]
[White "Mancuso, Alberto"]
[Black "Koziol, Pawel"]
[Result "1-0"]
[WhiteElo "2258"]
[BlackElo "1438"]
[PlyCount "35"]
[EventDate "2009.02.18"]
[EventType "tourn (corr)"]
[EventRounds "6"]
[EventCountry "GER"]
[SourceTitle "Corr 2011"]
[Source "ChessBase"]
[SourceDate "2010.08.31"]
[SourceVersion "1"]
[SourceVersionDate "2010.08.31"]
[SourceQuality "1"]

1. e4 c6 2. d4 d5 3. Nc3 dxe4 4. Nxe4 Bf5 5. Ng3 Bg6 6. h4 h6 7. Nf3 Nd7 8. h5 Bh7 9. Bd3 Bxd3 10. Qxd3 Ngf6 11. Bd2 Qc7 12. 0-0-0 e6 13. Ne4 0-0-0 14. g3 Nxe4 15. Qxe4 Bd6 16. Qe2 Rhe8 17. Rhe1 c5 18. dxc5 1-0

[Event "LSS CP-2007-Q-00016"]
[Site "LSS email"]
[Date "2009.01.15"]
[Round "?"]
[White "Andre, Ricardo"]
[Black "Mancuso, Alberto"]
[Result "0-1"]
[WhiteElo "1428"]
[BlackElo "2249"]
[PlyCount "66"]
[EventDate "2009.01.15"]
[EventType "tourn (corr)"]
[EventRounds "6"]
[EventCountry "GER"]
[SourceTitle "Corr 2011"]
[Source "ChessBase"]
[SourceDate "2010.08.31"]
[SourceVersion "1"]
[SourceVersionDate "2010.08.31"]
[SourceQuality "1"]

1. e4 c5 2. Ne2 Nc6 3. Nbc3 g6 4. d4 cxd4 5. Nxd4 Bg7 6. Be3 Nf6 7. Bc4 0-0 8. Bb3 d6 9. h3 Na5 10. f4 Nxb3 11. axb3 b6 12. Qd3 Bb7 13. 0-0 a6 14. f5 b5 15. fxg6 hxg6 16. b4 Rc8 17. Nb3 Qd7 18. Na5 Ba8 19. Rfe1 Rxc3 20. bxc3 Bxe4 21. Qe2 Rc8 22. Bd2 Qa7+ 23. Kh1 Bd5 24. Nb3 Qa8 25. Qxe7 Bxg2+ 26. Kg1 Bh1 27. Qe2 Ne4 28. Rad1 Nxd2 29. Nxd2 Bxc3 30. Qf1 Be5 31. Qe2 Rc3 32. Ne4 Rxh3 33. Rd3 Rh2 0-1

[Event "LSS CP-2007-Q-00016"]
[Site "LSS email"]
[Date "2009.01.15"]
[Round "?"]
[White "Quinones Borda, Jorge Victor"]
[Black "Mancuso, Alberto"]
[Result "0-1"]
[WhiteElo "2034"]
[BlackElo "2263"]
[PlyCount "46"]
[EventDate "2009.01.15"]
[EventType "tourn (corr)"]
[EventRounds "6"]
[EventCountry "GER"]
[SourceTitle "Corr 2011"]
[Source "ChessBase"]
[SourceDate "2010.08.31"]
[SourceVersion "1"]
[SourceVersionDate "2010.08.31"]
[SourceQuality "1"]

1. e4 c5 2. Nf3 d6 3. d4 cxd4 4. Nxd4 Nf6 5. Nc3 a6 6. Be3 e5 7. Nb3 Be6 8. f3 Be7 9. Qd2 0-0 10. 0-0-0 Nbd7 11. g4 b5 12. g5 b4 13. Ne2 Ne8 14. f4 a5 15. f5 a4 16. Nbd4 exd4 17. Nxd4 b3 18. Kb1 bxc2+ 19. Nxc2 Bb3 20. axb3 axb3 21. Na3 Ne5 22. h4 Ra5 23. Qc3 Qa8 0-1

[Event "LSS SM-2008-0-00040"]
[Site "LSS email"]
[Date "2008.12.28"]
[Round "?"]
[White "Salzmann, Stefan"]
[Black "Mancuso, Alberto"]
[Result "1/2-1/2"]
[WhiteElo "2209"]
[BlackElo "2259"]
[PlyCount "39"]
[EventDate "2008.12.22"]
[EventType "tourn (corr)"]
[EventRounds "6"]
[EventCountry "GER"]
[SourceTitle "Corr 2011"]
[Source "ChessBase"]
[SourceDate "2010.08.31"]
[SourceVersion "1"]
[SourceVersionDate "2010.08.31"]
[SourceQuality "1"]

1. e4 c5 2. Nf3 d6 3. d4 cxd4 4. Nxd4 Nf6 5. Nc3 a6 6. Be2 e5 7. Nb3 Be7 8. 0-0 0-0 9. Kh1 b6 10. Be3 Bb7 11. f3 b5 12. a4 b4 13. Nd5 Nxd5 14. exd5 Nd7 15. c4 bxc3 16. bxc3 Rb8 17. Qd2 h6 18. Rab1 Bg5 19. c4 Ba8 20. Bxg5 1/2-1/2

[Event "LSS SM-2008-0-00040"]
[Site "LSS email"]
[Date "2008.12.24"]
[Round "?"]
[White "Rakovic, Miroslav"]
[Black "Mancuso, Alberto"]
[Result "1/2-1/2"]
[WhiteElo "2259"]
[BlackElo "2263"]
[PlyCount "69"]
[EventDate "2008.12.22"]
[EventType "tourn (corr)"]
[EventRounds "6"]
[EventCountry "GER"]
[SourceTitle "Corr 2011"]
[Source "ChessBase"]
[SourceDate "2010.08.31"]
[SourceVersion "1"]
[SourceVersionDate "2010.08.31"]
[SourceQuality "1"]

1. c4 Nf6 2. Nc3 e6 3. g3 d5 4. d4 Be7 5. Bg2 0-0 6. Nf3 dxc4 7. Ne5 c5 8. dxc5 Qxd1+ 9. Nxd1 Bxc5 10. 0-0 Nd5 11. Nxc4 Nc6 12. Nde3 Nd4 13. Rd1 Nxe2+ 14. Kf1 Nxc1 15. Nxd5 exd5 16. Rxd5 Be6 17. Rxc5 Nd3 18. Rc7 Rac8 19. Rxc8 Rxc8 20. b3 b6 21. Rd1 Bxc4 22. bxc4 Nc5 23. f4 Kf8 24. Kf2 g6 25. Bd5 Na4 26. Rd3 Nb2 27. Rd4 Rc7 28. Ke3 Re7+ 29. Kf3 Na4 30. Rd3 Nc5 31. Rd1 Na6 32. Rb1 f5 33. h3 Nc7 34. Bc6 Re6 35. Bb7 1/2-1/2

[Event "LSS CP-2008-P-00068"]
[Site "LSS email"]
[Date "2008.10.01"]
[Round "?"]
[White "Mancuso, Alberto"]
[Black "Kroes, Friso"]
[Result "1-0"]
[WhiteElo "2107"]
[BlackElo "1922"]
[PlyCount "73"]
[EventDate "2008.10.01"]
[EventType "tourn (corr)"]
[EventRounds "6"]
[EventCountry "GER"]
[SourceTitle "Corr 2013"]
[Source "ChessBase"]
[SourceDate "2012.11.12"]
[SourceVersion "1"]
[SourceVersionDate "2012.11.12"]
[SourceQuality "1"]
[WhiteTeam "US of America"]
[BlackTeam "US of America"]
[WhiteTeamCountry "USA"]
[BlackTeamCountry "USA"]

1. e4 c5 2. Nf3 d6 3. d4 cxd4 4. Nxd4 Nf6 5. Nc3 g6 6. Be3 Bg7 7. f3 0-0 8. Qd2 Nc6 9. Bc4 Bd7 10. 0-0-0 Rc8 11. Bb3 Ne5 12. h4 h5 13. Bg5 Rc5 14. Kb1 b5 15. g4 a5 16. gxh5 Nxh5 17. Nd5 Re8 18. Nf4 Nxf4 19. Qxf4 Nc4 20. Qg3 Nxb2 21. Kxb2 a4 22. Bxf7+ Kxf7 23. h5 gxh5 24. Qf4+ Kg8 25. Bh6 e5 26. Qd2 Bf6 27. Ne2 Be6 28. Rxh5 Kf7 29. Be3 Rc6 30. Rh7+ Kg8 31. Nd4 a3+ 32. Kb1 Rc7 33. Rg1+ Kxh7 34. Qh2+ Bh4 35. Bg5 Rg7 36. Bxd8 Rxg1+ 37. Qxg1 1-0

[Event "LSS CP-2008-P-00068"]
[Site "LSS email"]
[Date "2008.10.01"]
[Round "?"]
[White "Stolz, Stephan"]
[Black "Mancuso, Alberto"]
[Result "1/2-1/2"]
[WhiteElo "2213"]
[BlackElo "2107"]
[PlyCount "61"]
[EventDate "2008.10.01"]
[EventType "tourn (corr)"]
[EventRounds "6"]
[EventCountry "GER"]
[SourceTitle "Corr 2013"]
[Source "ChessBase"]
[SourceDate "2012.11.12"]
[SourceVersion "1"]
[SourceVersionDate "2012.11.12"]
[SourceQuality "1"]
[WhiteTeam "US of America"]
[BlackTeam "US of America"]
[WhiteTeamCountry "USA"]
[BlackTeamCountry "USA"]

1. d4 Nf6 2. c4 e6 3. g3 d5 4. Nf3 Be7 5. Bg2 0-0 6. 0-0 dxc4 7. Qc2 a6 8. Qxc4 b5 9. Qc2 Bb7 10. Bg5 Nbd7 11. Bxf6 Nxf6 12. Nbd2 Rc8 13. Nb3 c5 14. dxc5 Be4 15. Qc3 Bd5 16. Rac1 Bxb3 17. Qxb3 Bxc5 18. e3 Qb6 19. Ne5 Rc7 20. Rc2 Rfc8 21. Rfc1 Qd6 22. Nd3 g6 23. Bf3 Nd7 24. Kg2 Ne5 25. Nxe5 Qxe5 26. Qc3 Qxc3 27. Rxc3 b4 28. Rc4 Bd6 29. Rxc7 Rxc7 30. Rxc7 Bxc7 31. b3 1/2-1/2

[Event "LSS SA-2008-0-00027"]
[Site "LSS email"]
[Date "2008.09.08"]
[Round "?"]
[White "Sacerdotali, Sergio"]
[Black "Mancuso, Alberto"]
[Result "0-1"]
[WhiteElo "2090"]
[BlackElo "2249"]
[PlyCount "116"]
[EventDate "2008.09.02"]
[EventType "tourn (corr)"]
[EventRounds "6"]
[EventCountry "GER"]
[SourceTitle "Telechess CBM 137"]
[Source "ChessBase"]
[SourceDate "2010.07.15"]
[SourceVersion "1"]
[SourceVersionDate "2010.07.15"]
[SourceQuality "1"]

1. e4 c5 2. Nf3 d6 3. d4 cxd4 4. Nxd4 Nf6 5. Nc3 a6 6. Bg5 e6 7. f4 Be7 8. Qf3 Qc7 9. 0-0-0 Nbd7 10. g4 b5 11. Bxf6 Nxf6 12. g5 Nd7 13. f5 Bxg5+ 14. Kb1 Ne5 15. Qh5 Qd8 16. Nxe6 Bxe6 17. fxe6 0-0 18. Bh3 g6 19. Qe2 fxe6 20. Bxe6+ Kh8 21. Nd5 Re8 22. Bh3 Rf8 23. Rhf1 Rxf1 24. Rxf1 Nc4 25. Rd1 Bh6 26. Be6 Bg7 27. c3 Qh4 28. Nc7 Rf8 29. Bxc4 Rf2 30. Qe3 Qxh2 31. Bb3 Rxb2+ 32. Ka1 b4 33. Nd5 bxc3 34. Nxc3 Re2 35. Qd3 Qe5 36. Rc1 Re1 37. Bd1 Qc5 38. Kb1 Re3 39. Qxa6 h5 40. Qb5 Bxc3 41. Qb7 Qd4 42. Bc2 Qd2 43. Qd5 Bd4 44. Rd1 Re1 45. Qb3 h4 46. Rxe1 Qxe1+ 47. Bd1 Kg7 48. Qa4 Qf2 49. Be2 Bf6 50. Qd7+ Kh6 51. Qxd6 Bd4 52. Qb4 h3 53. Qb3 h2 54. Bf3 Be5 55. Qa3 Kg5 56. Qc1+ Kh4 57. Bh1 g5 58. a3 g4 0-1

[Event "LSS RB-2008-0-00018"]
[Site "LSS email"]
[Date "2008.07.19"]
[Round "?"]
[White "Lifshitz, Samuel"]
[Black "Mancuso, Alberto"]
[Result "0-1"]
[WhiteElo "1969"]
[BlackElo "1995"]
[PlyCount "76"]
[EventDate "2008.07.15"]
[EventType "tourn (corr)"]
[EventRounds "6"]
[EventCountry "GER"]
[SourceTitle "Corr 2013"]
[Source "ChessBase"]
[SourceDate "2012.11.12"]
[SourceVersion "1"]
[SourceVersionDate "2012.11.12"]
[SourceQuality "1"]

1. e4 c5 2. Nf3 d6 3. d4 cxd4 4. Nxd4 Nf6 5. Nc3 a6 6. Bc4 e6 7. 0-0 b5 8. Bb3 Be7 9. Qf3 Qb6 10. Be3 Qb7 11. Qg3 b4 12. Na4 Nbd7 13. f3 0-0 14. Rfd1 Ne5 15. Nb6 Nh5 16. Qf2 Qxb6 17. Nxe6 Qb8 18. Nxf8 Kxf8 19. g4 Nf6 20. g5 Nh5 21. Rf1 Qb5 22. Rad1 Bb7 23. Kh1 Rc8 24. Qg2 Nc4 25. Bc1 a5 26. Qh3 g6 27. a3 a4 28. Bxc4 Rxc4 29. Rf2 bxa3 30. bxa3 d5 31. Qf1 Qc5 32. exd5 Bxd5 33. Qe1 Nf4 34. Bxf4 Rxf4 35. Rd3 Bxg5 36. Rc3 Qd6 37. Rd3 Bh4 38. Qd2 Bxf2 0-1

[Event "LSS RB-2008-0-00018"]
[Site "LSS email"]
[Date "2008.07.19"]
[Round "?"]
[White "Mancuso, Alberto"]
[Black "Bujdak, Pavol"]
[Result "1-0"]
[WhiteElo "1995"]
[BlackElo "1978"]
[PlyCount "97"]
[EventDate "2008.07.15"]
[EventType "tourn (corr)"]
[EventRounds "6"]
[EventCountry "GER"]
[SourceTitle "Corr 2013"]
[Source "ChessBase"]
[SourceDate "2012.11.12"]
[SourceVersion "1"]
[SourceVersionDate "2012.11.12"]
[SourceQuality "1"]

1. e4 c5 2. Nf3 d6 3. d4 cxd4 4. Nxd4 Nf6 5. Nc3 a6 6. Be2 e6 7. 0-0 Be7 8. f4 Qc7 9. a4 0-0 10. Kh1 Nc6 11. Be3 Re8 12. Bf3 Rb8 13. g4 Nxd4 14. Bxd4 e5 15. fxe5 dxe5 16. Ba7 Ra8 17. g5 Rd8 18. Qe2 Ne8 19. Be3 Be6 20. Nd5 Bxd5 21. exd5 Nd6 22. b3 Qc3 23. Rac1 Re8 24. Qd2 Qc8 25. c4 Nf5 26. Bh5 g6 27. Bg4 Ng3+ 28. hxg3 Qxg4 29. Kh2 e4 30. c5 Rad8 31. d6 Bf8 32. Qd5 Rd7 33. Qd1 Qxd1 34. Rfxd1 f5 35. gxf6 Kf7 36. Rf1 a5 37. Rc4 Re6 38. Kh3 Rxf6 39. Rxf6+ Kxf6 40. Rxe4 Bxd6 41. Rd4 Bxc5 42. Rxd7 Bxe3 43. Rxb7 Bd2 44. Rxh7 Bc3 45. Kg4 Bd2 46. Rb7 Bc3 47. Rb6+ Kg7 48. Kf4 Kf7 49. Ke4 1-0

[Event "LSS RB-2008-0-00018"]
[Site "LSS email"]
[Date "2008.07.19"]
[Round "?"]
[White "Mancuso, Alberto"]
[Black "Newton, Hobart E"]
[Result "1-0"]
[WhiteElo "2225"]
[BlackElo "1973"]
[PlyCount "26"]
[EventDate "2008.07.15"]
[EventType "tourn (corr)"]
[EventRounds "6"]
[EventCountry "GER"]
[SourceTitle "Corr 2013"]
[Source "ChessBase"]
[SourceDate "2012.11.12"]
[SourceVersion "1"]
[SourceVersionDate "2012.11.12"]
[SourceQuality "1"]

1. e4 c5 2. Nf3 d6 3. d4 cxd4 4. Nxd4 Nf6 5. Nc3 a6 6. Bg5 e6 7. f4 Qb6 8. Nb3 Be7 9. Qf3 Nbd7 10. 0-0-0 Qc7 11. Bd3 h6 12. Bh4 b5 13. a3 Rb8 1-0

[Event "LSS RB-2008-0-00018"]
[Site "LSS email"]
[Date "2008.07.19"]
[Round "?"]
[White "Pott, Brian"]
[Black "Mancuso, Alberto"]
[Result "0-1"]
[WhiteElo "1733"]
[BlackElo "2225"]
[PlyCount "86"]
[EventDate "2008.07.15"]
[EventType "tourn (corr)"]
[EventRounds "6"]
[EventCountry "GER"]
[SourceTitle "Corr 2013"]
[Source "ChessBase"]
[SourceDate "2012.11.12"]
[SourceVersion "1"]
[SourceVersionDate "2012.11.12"]
[SourceQuality "1"]

1. e4 c5 2. f4 d5 3. exd5 Nf6 4. Bb5+ Bd7 5. Bxd7+ Qxd7 6. c4 e6 7. Qe2 Bd6 8. d3 0-0 9. dxe6 fxe6 10. Nf3 Nc6 11. 0-0 Rae8 12. Nc3 e5 13. f5 Nd4 14. Qd1 Nxf5 15. Bg5 Nh5 16. Kh1 h6 17. Bd2 Nf6 18. Ne4 Nxe4 19. dxe4 Nd4 20. Be3 Qe6 21. Qd3 Rd8 22. Nd2 Qg4 23. Rxf8+ Bxf8 24. Nf3 Nc6 25. Qb1 Be7 26. Bg1 Nd4 27. Bxd4 cxd4 28. Qd3 Qe6 29. a3 a6 30. Rc1 Rc8 31. Rc2 Kh7 32. b4 b6 33. Kg1 a5 34. b5 a4 35. Rc1 Rf8 36. h3 Qf7 37. Rf1 Qf4 38. Rd1 Kg8 39. Kh1 Qe3 40. Nxe5 Bxa3 41. Qb1 Bd6 42. Ng4 Qb3 43. Qxb3 axb3 0-1

[Event "LSS OP-2008-0-00564"]
[Site "LSS email"]
[Date "2008.06.20"]
[Round "?"]
[White "Tjiptadi, Agus"]
[Black "Mancuso, Alberto"]
[Result "0-1"]
[WhiteElo "1150"]
[BlackElo "1946"]
[PlyCount "40"]
[EventDate "2008.06.19"]
[EventType "tourn (corr)"]
[EventRounds "4"]
[EventCountry "GER"]
[SourceTitle "Corr 2011"]
[Source "ChessBase"]
[SourceDate "2010.08.31"]
[SourceVersion "1"]
[SourceVersionDate "2010.08.31"]
[SourceQuality "1"]

1. e4 c5 2. Nf3 Nc6 3. d4 cxd4 4. Nxd4 Nf6 5. Nc3 d6 6. Bb5 Bd7 7. 0-0 e6 8. Bg5 Be7 9. Re1 0-0 10. Nxc6 bxc6 11. Ba4 Qc7 12. Qd2 h6 13. Bh4 Rab8 14. Bb3 Rfd8 15. Rad1 c5 16. Bc4 Bc6 17. b3 Nxe4 18. Rxe4 Bxe4 19. Bxe7 Qxe7 20. Nxe4 d5 0-1

[Event "LSS BI-2008-P-00018"]
[Site "LSS email"]
[Date "2008.04.27"]
[Round "?"]
[White "Dehaybe, Andre"]
[Black "Mancuso, Alberto"]
[Result "1/2-1/2"]
[WhiteElo "1949"]
[BlackElo "1837"]
[PlyCount "58"]
[EventDate "2008.04.27"]
[EventType "tourn (corr)"]
[EventRounds "10"]
[EventCountry "GER"]
[SourceTitle "Corr 2011"]
[Source "ChessBase"]
[SourceDate "2010.08.31"]
[SourceVersion "1"]
[SourceVersionDate "2010.08.31"]
[SourceQuality "1"]

1. h3 d5 2. d4 Nf6 3. c3 e6 4. Nf3 c5 5. Bf4 Nc6 6. e3 Be7 7. Be2 0-0 8. 0-0 Qb6 9. Qb3 Ne4 10. Nbd2 f5 11. Nxe4 fxe4 12. Ne5 cxd4 13. Nxc6 bxc6 14. cxd4 Bd7 15. Rfc1 c5 16. dxc5 Bxc5 17. Rc2 Rfc8 18. Rac1 Qxb3 19. axb3 Bb6 20. b4 Kf7 21. Be5 Rxc2 22. Rxc2 Rf8 23. Rc3 g6 24. g4 Ke7 25. Kg2 h5 26. Ba6 h4 27. Rc2 Ba4 28. Rc1 Bd7 29. Rc3 Ba4 1/2-1/2

[Event "LSS BI-2008-P-00018"]
[Site "LSS email"]
[Date "2008.04.27"]
[Round "?"]
[White "Jovanovic, Bratislav"]
[Black "Mancuso, Alberto"]
[Result "1-0"]
[WhiteElo "1729"]
[BlackElo "1837"]
[PlyCount "81"]
[EventDate "2008.04.27"]
[EventType "tourn (corr)"]
[EventRounds "10"]
[EventCountry "GER"]
[SourceTitle "Corr 2011"]
[Source "ChessBase"]
[SourceDate "2010.08.31"]
[SourceVersion "1"]
[SourceVersionDate "2010.08.31"]
[SourceQuality "1"]

1. e4 c5 2. Nf3 d6 3. d4 cxd4 4. Nxd4 Nf6 5. Nc3 a6 6. Be3 e6 7. f3 b5 8. a3 Bb7 9. Qd2 Nbd7 10. 0-0-0 Be7 11. g4 Nb6 12. h4 Nfd7 13. Nb3 Nc4 14. Bxc4 bxc4 15. Nd4 Rb8 16. h5 h6 17. Rdg1 Nc5 18. g5 Qb6 19. gxh6 gxh6 20. Nde2 Bc6 21. Nd1 Bf6 22. Nec3 Ke7 23. Rg4 Be5 24. Bf4 Nd7 25. Bxe5 Nxe5 26. Rg3 Qc5 27. Qf4 Rbg8 28. Qh4+ Ke8 29. f4 Nd7 30. Kb1 Rxg3 31. Qxg3 Rf8 32. Qg7 Ke7 33. Qxh6 Nf6 34. e5 dxe5 35. Re1 e4 36. f5 Qxf5 37. Ne3 Qe5 38. Nxc4 Qc5 39. b3 Qf2 40. Qc1 Qg2 41. Qf4 1-0

[Event "LSS BI-2008-P-00018"]
[Site "LSS email"]
[Date "2008.04.27"]
[Round "?"]
[White "Mancuso, Alberto"]
[Black "Tomisisch, Claudio"]
[Result "1-0"]
[WhiteElo "1837"]
[BlackElo "1571"]
[PlyCount "97"]
[EventDate "2008.04.27"]
[EventType "tourn (corr)"]
[EventRounds "10"]
[EventCountry "GER"]
[SourceTitle "Corr 2013"]
[Source "ChessBase"]
[SourceDate "2012.11.12"]
[SourceVersion "1"]
[SourceVersionDate "2012.11.12"]
[SourceQuality "1"]
[WhiteTeam "US of America"]
[BlackTeam "US of America"]
[WhiteTeamCountry "USA"]
[BlackTeamCountry "USA"]

1. e4 e6 2. d4 d5 3. Nc3 Bb4 4. e5 Ne7 5. a3 Bxc3+ 6. bxc3 c5 7. Qg4 Ng6 8. h4 h5 9. Qg3 Nc6 10. Nf3 cxd4 11. cxd4 Nce7 12. Bd3 Nf5 13. Bxf5 exf5 14. 0-0 Be6 15. Rb1 Qd7 16. Rb3 Rc8 17. c3 b5 18. Re1 a6 19. Ng5 Rc4 20. Bd2 Qc8 21. Nxe6 Qxe6 22. Rb4 0-0 23. Qg5 Rb8 24. Qxh5 a5 25. Rb2 Rb6 26. Qg5 Nf8 27. h5 Qd7 28. Qf4 Kh7 29. Re3 Rh6 30. Rh3 Kh8 31. Qg3 Rh7 32. h6 g6 33. Qg5 Kg8 34. Rg3 Rc8 35. Rb1 Rc7 36. Kh2 Rc4 37. Rb2 Rc8 38. Kg1 Rc4 39. Qh4 Ra4 40. Rb3 Rc4 41. Rb1 Ra4 42. Ra1 Rc4 43. Re1 Ra4 44. Qf6 Ne6 45. Qxf5 Rxa3 46. f4 Rxh6 47. Qf6 Qd8 48. f5 Qxf6 49. exf6 1-0

[Event "LSS SB-2008-0-00007"]
[Site "LSS email"]
[Date "2008.03.19"]
[Round "?"]
[White "Van der Waal, Michael"]
[Black "Mancuso, Alberto"]
[Result "1/2-1/2"]
[WhiteElo "1950"]
[BlackElo "1789"]
[PlyCount "27"]
[EventDate "2008.03.11"]
[EventType "tourn (corr)"]
[EventRounds "6"]
[EventCountry "GER"]
[SourceTitle "Corr 2013"]
[Source "ChessBase"]
[SourceDate "2012.11.12"]
[SourceVersion "1"]
[SourceVersionDate "2012.11.12"]
[SourceQuality "1"]
[WhiteTeam "US of America"]
[BlackTeam "US of America"]
[WhiteTeamCountry "USA"]
[BlackTeamCountry "USA"]

1. e4 c5 2. Nf3 d6 3. d4 cxd4 4. c3 Nf6 5. Bd3 dxc3 6. Nxc3 g6 7. Bc4 Nc6 8. e5 Ng4 9. exd6 Qxd6 10. 0-0 Bg7 11. Qxd6 exd6 12. Re1+ Nge5 13. Nd5 0-0 14. Nxe5 1/2-1/2